| 000 | 00669nam a2200205 a 4500 | ||
|---|---|---|---|
| 005 | 20240809063725.0 | ||
| 008 | 991125s1993 ag 000 0 spa u | ||
| 035 | _aUPN01000030174 | ||
| 049 | _aF | ||
| 050 | 4 |
_aLB1715 _bL55 no.13 |
|
| 100 | 1 |
_aPérez Alvarez, Sergio _928611 |
|
| 245 | 1 | 3 |
_aLa indisciplina escolar como un síntoma : _b¿cómo actuar en la escuela? / _cSergio Pérez Alvarez. |
| 260 |
_aArgentina : _bBraga, _c[1993]. |
||
| 300 | _a36 p. | ||
| 440 | 0 |
_aLineamientos. _pCuadernos de orientación educativa ; _v13 |
|
| 650 | 4 |
_aConducta infantil _95683 |
|
| 650 | 4 |
_aDisciplina de niños _914102 |
|
| 650 | 4 |
_aDisciplina escolar _91521 |
|
| 905 | _aLibro | ||
| 999 |
_c30174 _d30174 |
||